LEADER 05330nam 2200661 450 001 9910453573703321 005 20200520144314.0 010 $a1-78217-671-3 035 $a(CKB)2550000001191996 035 $a(EBL)1582943 035 $a(SSID)ssj0001159191 035 $a(PQKBManifestationID)11644264 035 $a(PQKBTitleCode)TC0001159191 035 $a(PQKBWorkID)11114452 035 $a(PQKB)10130139 035 $a(MiAaPQ)EBC1582943 035 $a(PPN)228015111 035 $a(Au-PeEL)EBL1582943 035 $a(CaPaEBR)ebr10832266 035 $a(CaONFJC)MIL571404 035 $a(OCoLC)869522534 035 $a(EXLCZ)992550000001191996 100 $a20140207h20142014 uy 0 101 0 $aeng 135 $aur|n|---||||| 181 $ctxt 182 $cc 183 $acr 200 10$aGetting started with Citrix® Provisioning services 7.0 /$fPuthiyavan Udayakumar 210 1$aBirmingham, England :$cPackt Publishing,$d2014. 210 4$d©2014 215 $a1 online resource (134 p.) 225 1 $aProfessional expertise distilled 300 $aProfessional Expertise Distilled"--Cover. 300 $aIncludes index. 311 $a1-78217-670-5 311 $a1-306-40153-4 327 $aCover; Summary; Copyright; Credits; Notice; About the Author; About the Reviewers; www.PacktPub.com; Table of Contents; Preface; Chapter 1:Introduction to Citrix® Provisioning Services 7.0; The background of Citrix® Provisioning Services 7.0; High-level logical flow of Citrix® Provisioning Services; Architecture of Citrix® Provisioning Services 7.0; Provisioning Service License server; Provisioning Service Database server; Provisioning Service Admin Console; Shared storage service; Active Directory Server; Network services; Citrix® Provisioning Server; Terminology 327 $aCitrix® Provisioning Service farmsCitrix® Provisioning Service stores; Citrix® Provisioning Service sites; Citrix® Provisioning Service vDisk; Citrix® Provisioning Service vDisk modes; Citrix® Provisioning Service vDisk pools; Citrix® Provisioning Service vDisk Update Management; Citrix® Provisioning Service write cache destination; System requirements; Summary; Chapter 2:Installing and Configuring Citrix® Provisioning Services 7.0; Installing Citrix® Provisioning Server using GUI; Installing Citrix® Provisioning Services using the command-line interface 327 $aInstalling Citrix® Provisioning Services Console 7.0 using GUIConfiguring Citrix® Provisioning Server 7.0; Configuring Provisioning Services using the command-line interface; Summary; Chapter 3:Managing Citrix® Provisioning Disk; Organizing a principal target device; Checking the readiness of the master target device's hard disk; The principal target device's BIOS configuration; Server network adapter BIOS configuration; Deploying the master target device application and operating system updates; Allocating a vDisk to the target device; Properties of the principal target device 327 $aDealing with the bootstrap files and boot devicesSummary; Chapter 4:Operating Citrix® Provisioning Services 7.0; Managing and operating a farm; Operating sites; Managing and operating stores; Managing and operating target devices; Operation over target devices; Creating a new target device object in the Provisioning Service database; Setting the target device as the template for this collection; Copying and pasting target device properties; Booting target devices; Checking the target device's status via Console; Sending messages to target devices; Enabling/disabling a target device 327 $aManaging and operating the device collectionsDevice management operations; Creating a device collection; Importing a device collection; Deleting a device collection; Booting target devices within a collection; Managing views; Managing and operating the provisioning servers; Operation tasks in the Provisioning Service task; Copying and pasting server properties; Deleting a server; Starting, stopping, or restarting Provisioning Services on a server; Showing the server connections; Load balancing the target devices on a server; Checking for vDisk access updates 327 $aManually configuring Provisioning Servers 330 $aThis practical guide helps you to administer Citrix Provisioning Services. Each chapter is structured in way to help you easily understand the various features, with accompanying practical examples that help beginners to quickly understand the product. This book is a useful guide for an admin/engineer who is new to the Citrix virtualization solution and provisioning service, and who is looking to get a good grounding in Citrix PVS. It's assumed that you will have some understanding of the basics of virtualization already, but that's all you need to know! 606 $aComputer networks$xRemote access 606 $aClient/server computing 608 $aElectronic books. 615 0$aComputer networks$xRemote access. 615 0$aClient/server computing. 676 $aG70.212 700 $aUdayakumar$b Puthiyavan$0940513 801 0$bMiAaPQ 801 1$bMiAaPQ 801 2$bMiAaPQ 906 $aBOOK 912 $a9910453573703321 996 $aGetting started with Citrix® Provisioning services 7.0$92120955 997 $aUNINA LEADER 01410cam0 2200301 450 001 000002042 005 20220621145559.0 100 $a20001030d1960----km-y0itay50------ba 101 0 $aita 102 $aIT 105 $aaf------001yy 200 1 $aSinistri marittimi stivaggio delle merci$enorme 1954 sugli abbordi in mare, avarie ai mezzi di governo, incaglio, incendio, falla, salvataggi e ricuperi, norme legislative, effetti del carico sulla nave, imbarco e sbarco delle merci, stivaggio delle merci. Appendice : segnalazioni marittime e contabilitą di bordo: col commento articolo per articolo delle suddette nuove norme e con larghi estratti del regolamento per la sicurezza delle navi e della vita umana in mare : ad uso degli istituti nautici e dei naviganti$fGiuseppe Sorrentino 205 $a3. ed. riv. aggiornata e ampliata 210 $aPadova$cCedam$d1960 215 $aXI, 528 p., tav.$cill.$d25 cm 451 0$1001000010436 451 0$1001000022029 500 10$aSinistri marittimi stivaggio delle merci$936493 610 1 $aSinistri marittimi 610 1 $aNavi$aStivaggio 676 $a623.89 700 1$aSorrentino,$bGiuseppe$029164 801 0$aIT$bUNIPARTHENOPE$gRICA$2UNIMARC 912 $a000002042 951 $aP1 623-S/4$b14734$cPIST$d20001107 951 $a347.71/107$b14736$cNAVA4$d2008 996 $aSinistri marittimi stivaggio delle merci$936493 997 $aUNIPARTHENOPE